| 000 | 00537 a2200169 4500 | ||
|---|---|---|---|
| 003 | NUST | ||
| 005 | 20251020142551.0 | ||
| 040 | _cNust | ||
| 082 | _a621.382,BUK | ||
| 100 |
_aBukhari , Shah Ali Ghazanfar Syed TE-35 _9131279 |
||
| 245 |
_aInfrared sensing remote survillance system / _cSyed Ghazanfer Ali Shah Bukhari , Capt Zeeshan Akmal, Capt Fazal-e-Abbas and Capt Azfar Zulfiqar TE-35 |
||
| 260 |
_aRawalpindi _bMCS _c2002 |
||
| 300 | _a115 p | ||
| 650 |
_aUG Projects _998716 |
||
| 651 |
_aTE-35 _9131280 |
||
| 942 |
_cPR _2ddc |
||
| 999 |
_c182700 _d182700 |
||